Cinéma - Reliez 30 scènes de film au bon type d'endroit - Statistiques

Statistiques générales
  • Ce quiz a été pris 143 fois
  • Le résultat moyen est 11 sur 30
Statistiques - réponses
Hint Réponse % Correct
Endroit où la petite Regan, possédée, tourne sa tête et profère des insanités à sa mère dans l'Exorciste (1973) Chambre à coucher
70%
Endroit où Judy et Peter, deux jeunes orphelins, découvrent un jeu nommé Jumanji dans Jumanji (1995) Grenier
63%
Endroit où Buffalo Bill séquestre et torture ses victimes dans Le Silence des agneaux (1991) Cave ou sous sol
55%
Endroit où la victime (pour le péché capital de la Paresse) est maintenue aux limites de la vie et de la mort à l'aide de médicaments durant environ 1 an dans Seven (1995) Chambre à coucher
55%
Presque entièrement à huis clos dans cet endroit à New York dans Phone Game (2003) Cabine téléphonique
54%
Endroit récurrent où il se passe toujours quelque chose quand le tueur à gages shooté Vincent Vega joué par JohnTravolta s'y trouve dans Pulp Fiction (1994) WC, Toilettes
49%
Endroit où trois étudiants en cinéma, Heather, Mike et Josh tentent de trouver le sommeil mais sont tourmentés par des bruits de plus en plus inquiétants dans Le Projet Blair Witch (1999) Tente de camping
48%
Endroit où "atterrit" Marty McFly 30 ans en arrière, en 1955, dans Retour vers le Futur (1985) Grange
47%
Endroit où se réfugie l'avocat Donald Gennaro puis y est tué par un Tyrannosaure dans Jurassic Park (1993) WC, Toilettes
45%
Endroit où se réfugient les derniers survivants à New York dans Le Jour d'après (2004) Bibliothèque
44%
Endroit servant de Porte de sortie de la matrice dans Matrix (1999) Cabine téléphonique
44%
Endroit servant de Porte d'entrée du ministère de la magie dans Harry Potter et l'ordre du phénix (2007) Cabine téléphonique
42%
Endroit (dans le film) où Indiana Jones brise une dalle indiquant le X donnant accès au tombeau d'un templier dans Indiana Jones et la dernière croisade (1989) Bibliothèque
40%
Endroit où un nain a été enfermé et en sort furieux assenant des coups de poings lors de la soirée dans Projet X (2012) Four ou Micro Ondes
39%
Endroit où deux frères découvrent une mystérieuse trappe donnant sur ce qui semble être un trou sans fond dans The Hole (2009) Cave ou sous sol
38%
Endroit où un écrivain passionné joué par Ethan Hawke découvre une boîte contenant un projecteur et des bobines de pellicule Super 8 sur lesquelles ont été filmés des meurtres dans Sinister (2012) Grenier
38%
Endroit où Ray et ses enfants se barricadent la nuit, avant de découvrir le lendemain un Boeing écrasé tout près de là dans la Guerre des Mondes (2005) Cave ou sous sol
37%
Endroit où meurent Ashley et Ashlyn lorsqu'une réaction en chaîne les emprisonne dans Destination Finale 3 (2006) Cabine de bronzage
35%
Seul endroit où David Dunn joué par Bruce Willis est vulnérable quand il veut sauver une famille d'un tortionnaire au point d être aidé par les 2 enfants dans Incassable (2000) Piscine
35%
Endroit où se réfugie Sidney Prescott jouée par Neve Campbell la première fois où elle est attaquée dans Scream (1996) Chambre à coucher
32%
Endroit où le Dr Sarah Harding (Julianne Moore) et l'adolescente Kelly Curtis sont attaquées dans la nuit par un T-Rex dans Jurassic Park 2 (1997) Tente de camping
31%
Endroit dans lequel Roger Murtaugh joué par Danny Glover a une mauvaise surprise, piégé par une bombe dans L'Arme fatale 2 (1989) WC, Toilettes
29%
Endroit où Denise Richards et Neve Campbell se retrouvent, se battent et échangent un baiser langoureux dans Sexcrimes (1998) Piscine
28%
Endroit où Michaël Youn chante et danse sur de la "country texane" dans Les 11 Commandements (2004) Bibliothèque
24%
Endroit où un groupe de jeunes planifie de tuer une entité à l'aide d'appareils électriques dans It Follows (2014) Piscine
19%
Endroit où se déroule le piège principal comprenant 5 personnes du film Jigsaw (2017) Grange
17%
Endroit où Julie James jouée par Jennifer Love Hewitt est piégée pendant que ses amis découvrent que "tout le monde" sur l île a été assassiné dans Souviens Toi l Été Dernier 2 (1998) Cabine de bronzage
16%
Endroit où le chien de Parker Riley est tué, accomplissant une légende urbaine dans Urban Legend (1998) Four ou Micro Ondes
16%
Endroit que Becca va pour nettoyer à la demande de "sa mamie" avant que cette dernière ne l'enferme dedans dans The Visit (2015) Four ou Micro Ondes
14%
Endroit où Mélanie (Tippi Hedren) est attaquée massivement par les oiseaux et est sauvée par Mitch (Rod Taylor) dans Les Oiseaux (1963) Grenier
13%
Aucun quiz correspondant
Distribution des résultats
% des personnes avec chaque résultat
Percentile par nombre de réponses
Votre historique - résultats
Vous n’avez pas pris ce quiz